000 00491nam a2200193Ia 4500
005 20140311163139.0
008 140130s9999 xx 000 0 und d
020 _a0439866669
050 _aQL 737.C4
_b.T45 2006
100 _aThomson, Sarah
_931361
245 _cThomson, Sarah
_aAmazing whales /
260 _bScholastic,
_c2006.
_aNew York :
300 _a27 p. :
_bcol. ill. ;
_c23 cm.
440 _v1
_931174
521 _aG8
526 _c920
942 _cBK
_2lcc
999 _c41846
_d41846